| 000 | 00000nam 2200000za 4500 |
| 001 | 9.853932 |
| 003 | CaOODSP |
| 005 | 20221107154938 |
| 007 | cr ||||||||||| |
| 008 | 180320s2018 pica o f000 0 fre d |
| 020 | |a9780660258393|z9780660258409 |
| 040 | |aCaOODSP|bfre |
| 043 | |an-cn--- |
| 086 | 1 |aV32-248/2018F-PDF|zV32-248/2018 |
| 245 | 03|aLe Canada se souvient la battaille de Kapyong |h[ressource électronique]. |
| 260 | |a[Charlottetown, Î.-P.-É.] : |bAnciens combattants Canada, |cc2018. |
| 300 | |a[2] p. : |bill. |
| 500 | |aPubl. aussi en anglais sous le titre : Canada remembers the battle of Kapyong. |
| 500 | |aTitre de départ. |
| 500 | |aLe n° de catalogue (V32-248/2018) et l’ISBN (978-0-660-25840-9) de l'édition imprimée bilingue ont été copiés dans l’édition électronique. |
| 500 | |aPubl. aussi en format HTML. |
| 530 | |aÉgalement publ. en version imprimée bilingue. |
| 692 | 07|2gccst|aHistoire militaire |
| 693 | 4|aGuerre de Corée, 1950-1953 |
| 710 | 1 |aCanada. |bAnciens combattants Canada. |
| 775 | 08|tCanada remembers the battle of Kapyong |w(CaOODSP)9.853925 |
| 776 | 0#|tLe Canada se souvient la battaille de Kapyong |w(CaOODSP)9.853935 |
| 795 | |tLe Canada se souvient - la bataille de Kapyong |w(CaOODSP)9.641259 |
| 856 | 40|qPDF|s3.42 Mo|uhttps://publications.gc.ca/collections/collection_2018/acc-vac/V32-248-2018-fra.pdf |
| 856 | 4 |qHTML|sS.O.|uhttps://www.veterans.gc.ca/fra/remembrance/battles-and-stages/battle-of-kapyong |